000 00866cam a22002897a 4500
001 17507259
003 OSt
005 20231026125441.0
008 121024s2011 enk 000 0 eng
010 _a 2012419813
015 _aGBA937006
_2bnb
016 7 _a015109758
_2Uk
020 _a9781853158049 (pbk.)
020 _a1853158046 (pbk.)
035 _a(OCoLC)ocn318673367
040 _aUKM
_cUKM
_dBTCTA
_dYDXCP
_dUKMGB
_dDLC
042 _alccopycat
082 _aWB141 G329i 2011
100 _4Beardsell, Iain; [et...al]
245 0 0 _aGet through MCEM: Part A, MCQs
260 _aLondon;
_bRSM,
_c2011.
300 _a186 p:
_c24 cm.
650 0 _aEmergency medicine
_910751
906 _a7
_bcbc
_ccopycat
_d2
_encip
_f20
_gy-gencatlg
942 _2z
_cO_SHELF
999 _c5017
_d5017